The splendid fairing / (Record no. 20581)
[ view plain ]
| 000 -LEADER | |
|---|---|
| fixed length control field | 00631cam a2200217u 4500 |
| 001 - CONTROL NUMBER | |
| control field | 20581 |
| 003 - CONTROL NUMBER IDENTIFIER | |
| rucl marc code | BD-RjUL |
| 005 - DATE AND TIME OF LATEST TRANSACTION | |
| control field | 20211209000602.0 |
| 008 - FIXED-LENGTH DATA ELEMENTS--GENERAL INFORMATION | |
| fixed length control field | 140301r19511919enk 000 0 eng |
| 035 ## - SYSTEM CONTROL NUMBER | |
| System control number | (BD-RjUL)20643 |
| 040 ## - CATALOGING SOURCE | |
| Original cataloging agency | DLC |
| Transcribing agency | CarP |
| Modifying agency | DLC |
| -- | BD-RjUL |
| Language of cataloging | eng |
| 041 ## - LANGUAGE CODE | |
| Language code of text/sound track or separate title | eng |
| 082 04 - DEWEY DECIMAL CLASSIFICATION NUMBER | |
| Classification number | 823 |
| Author mark and year | HOS 1951 |
| 100 1# - MAIN ENTRY--PERSONAL NAME | |
| Personal name | Holme, Constance. |
| 9 (RLIN) | 62587 |
| 245 14 - TITLE STATEMENT | |
| Title | The splendid fairing / |
| Statement of responsibility, etc. | by Constance Holme. |
| 260 ## - PUBLICATION, DISTRIBUTION, ETC. (IMPRINT) | |
| Place of publication, distribution, etc. | London : |
| Name of publisher, distributor, etc. | Oxford university press, |
| Date of publication, distribution, etc. | 1919 [reprinted 1951]. |
| 300 ## - PHYSICAL DESCRIPTION | |
| Pagination | 5 p.l., [3]-309, [1] p. : |
| Illustrations | front. ; |
| Size | 20 cm. |
| 942 ## - ADDED ENTRY ELEMENTS (KOHA) | |
| Source of classification or shelving scheme | Dewey Decimal Classification |
| Koha item type | Books |
| Lost status | Source of classification or shelving scheme | Damaged status | Not for loan | Collection code | Permanent Location | Current Location | Shelving location | Date acquired | Source of acquisition | Cost, normal purchase price | Total Checkouts | Full call number | Date last seen | Copy number | Koha item type |
|---|---|---|---|---|---|---|---|---|---|---|---|---|---|---|---|
| Dewey Decimal Classification | Added to bundle | Fiction | Central Library, University of Rajshahi | Central Library, University of Rajshahi | Reading Room | 01/08/1956 | O.U.P. | 4.10 | 823 HOS 1951 | 01/03/2014 | C-1 | Books | |||
| Dewey Decimal Classification | Added to bundle | Fiction | Central Library, University of Rajshahi | Central Library, University of Rajshahi | Reading Room | 25/10/1954 | O.U.P. | 2.13 | 823 HOS 1951 | 06/03/2014 | C-1 | Books |